| 000 | 01796nam a2200253 a 4500 | ||
|---|---|---|---|
| 001 | 000042102 | ||
| 005 | 20240314073719.0 | ||
| 008 | 081030s2013 dr 001 0 spa d | ||
| 020 | _a9789945462630 | ||
| 040 |
_aDO-SdBNP _bspa _cBNPHU |
||
| 082 |
_a923.27293 _bD812p, 2013 |
||
| 100 | 1 |
_aPérez, Carlos Federico, _d1912-1984 _924849 |
|
| 245 | 1 | 3 |
_aEl pensamiento y la acción en la vida de Juan Pablo Duarte / _cCarlos Federico Pérez y Pérez. |
| 250 | _a3a ed. | ||
| 260 |
_aSanto Domingo : _bCPEP, _c2013. |
||
| 300 |
_a298 p. ; _c23 cm. |
||
| 490 | 1 |
_aBibliófilos ; _v4 |
|
| 500 | _aIncluye bibliografía por orden cronológico e índice onomástico | ||
| 505 | 0 | _aPresentación -- Exordio -- Duarte, praxis e ideología en la obra de Carlos Federico Pérez y Pérez -- Palabras previas -- El legado tradicional en Santo Domingo y las ideas nuevas en el lapso de 1785 a 1809 -- El período de la España Boba: 1809-1821 -- Acerca de la entrada y actuación de Duarte en la historia -- Los cimientos ideológicos -- Al pensamiento siguió la acción -- Surge el núcleo de la revolución: La Trinitaria -- La etapa del dinamismo revolucionario -- El hombre de acción -- Duarte se proyecta en ausencia -- ¡Salve al Padre de la Patria! -- La política como magisterio -- El pensamiento de Duarte según las ideas y los hechos -- Una mirada al verso -- ¡El revolucionario no había muerto! -- A modo de balance final -- Cronología de la vida de Juan Pablo Duarte 1813-1876 -- Bibliografía adicional por orden cronológico --Anexo -- Índice onomástico. | |
| 600 | 1 | 0 |
_aDuarte, Juan Pablo, _d1813-1876 _91494 |
| 710 | 1 | 2 |
_aRepública Dominicana _bComisión Permanente de Efemérides Patria _945309 |
| 830 | 0 |
_aBibliófilos ; _n4 _969099 |
|
| 910 | _aValidado. Control de calidad MFF | ||
| 999 |
_c41591 _d41591 |
||